000 01168nmc a2200397 a 4500
003 AR-BaBNM
005 20251128203947.0
008 011101s1994 ||||||||||||||000 | spa||
020 _a950-582-280-0
040 _cAR-BaBNM
100 1 _aGonzález Cuberes, María Teresa
245 1 0 _aHacia el aprendizaje grupal
_bpropuestas psico-socio-pedagógicas
250 _a2ª ed.
260 _aBuenos Aires
_bHumanitas
_c1994
300 _a229 p.
_btablas, gráfs.
490 0 _aGuidance
504 _aBibliografía p. 225-229
650 4 _aPROCESO DE APRENDIZAJE
650 4 _aDINAMICA DE GRUPO
650 4 _aMETODOS DE ENSENANZA
650 4 _aSISTEMAS DE ENSENANZA
650 4 _aPROYECTOS EDUCACIONALES
650 4 _aEPISTEMOLOGIA
650 4 _aGRUPOS DE JUEGO
650 4 _aTALLERES [METODO PEDAGOGICO]
650 4 _aMETODOS DE ESTUDIO
650 4 _aTRABAJO EN GRUPO [METODO DE ENSENANZA]
650 4 _aCONDUCTA DEL GRUPO
650 4 _aTECNICAS DIDACTICAS
650 4 _aAUTOAPRENDIZAJE
650 4 _aAUTOEVALUACION
650 4 _aPARTICIPACION SOCIAL
800 1 _aSierra de Villaverde, Sela
_edirector
942 _cBK
998 _cCarmen
999 _c5621
_d5621